WONG'S ESSENTIALS OF PEDIATRIC NURSING (Record no. 16511)

MARC details
000 -LEADER
fixed length control field 00360nam a22001577a 4500
003 - CONTROL NUMBER IDENTIFIER
control field SGT
020 ## - INTERNATIONAL STANDARD BOOK NUMBER
International Standard Book Number 978-81-312-5335-9
082 ## - DEWEY DECIMAL CLASSIFICATION NUMBER
Classification number 610.7362
Item number W18H
100 ## - MAIN ENTRY--PERSONAL NAME
Personal name HOCKENBERRY, M.J.
245 ## - TITLE STATEMENT
Title WONG'S ESSENTIALS OF PEDIATRIC NURSING
250 ## - EDITION STATEMENT
Edition statement 2ND
260 ## - PUBLICATION, DISTRIBUTION, ETC. (IMPRINT)
Place of publication, distribution, etc INDIA
Name of publisher, distributor, etc ELSEVIER
Year of Publication 2018
300 ## - PAGE DESCRIPTION
No. of Pages 990
650 ## - SUBJECT ADDED ENTRY--TOPICAL TERM
Topical term or geographic name as entry element PEDIATRICS
942 ## - ADDED ENTRY ELEMENTS (KOHA)
Source of classification or shelving scheme Dewey Decimal Classification
Koha item type Books
Holdings
Withdrawn status Lost status Source of classification or shelving scheme Damaged status Not for loan Collection code Home library Current library Shelving location Date acquired Vendor Name Cost, normal purchase price SGTU Bill Number Total Checkouts Full call number Accession No. (Barcode) Date last seen Bill Date Koha item type
    Dewey Decimal Classification   Not For Loan NURSING SGT Medical Library SGT Medical Library Reference Book 16/01/2019 ABC 2025.00 SGTU 10396   610.7362 W18H FN3913 16/01/2019 08/12/2018 Books
    Dewey Decimal Classification   Not For Loan NURSING SGT Medical Library SGT Medical Library Reference Book 16/01/2019 ABC 2025.00 SGTU 10396   610.7362 W18H FN3914 16/01/2019 08/12/2018 Books